|
|
|
|
| LEADER |
00873nam a2200217 a 4500 |
| 001 |
13493756 |
| 008 |
110227s2005 njua b 001 0 eng d |
| 010 |
|
|
|a 2004003680
|
| 020 |
|
|
|a 0471666572 (cloth)
|
| 040 |
|
|
|a DLC
|c DLC
|d DLC
|d BD-DhAAL
|
| 082 |
0 |
0 |
|a 006.3/12
|2 22
|
| 100 |
1 |
|
|a Larose, Daniel T.
|
| 245 |
1 |
0 |
|a Discovering knowledge in data :
|b an introduction to data mining /
|c Daniel T. Larose.
|
| 260 |
|
|
|a Hoboken, N.J. :
|b Wiley-Interscience,
|c c2005.
|
| 300 |
|
|
|a xv, 222 p. :
|b ill. ;
|c 25 cm.
|
| 504 |
|
|
|a Includes bibliographical references and index.
|
| 541 |
1 |
|
|e 00021966
|
| 650 |
|
0 |
|a Data mining.
|
| 852 |
4 |
|
|a Ayesha Abed Library
|j General shelf
|
| 999 |
|
|
|c 10487
|d 10487
|
| 952 |
|
|
|0 0
|1 0
|2 ddc
|4 0
|6 006_312000000000000_LAR
|7 0
|9 14476
|a BRACUL
|b BRACUL
|c GEN
|d 2011-02-27
|e Karim International
|g 6600.00
|l 5
|m 80
|o 006.312 LAR
|p 3010021966
|r 2019-02-24
|s 2018-08-12
|t 1
|w 2011-02-27
|y BK
|